| 000 | 00827nam a22002175i 4500 | ||
|---|---|---|---|
| 001 | 164745 | ||
| 003 | ES-MaACL | ||
| 005 | 20250814065129.0 | ||
| 008 | 050804s1880 sp | |||||||| ||spa d | ||
| 040 |
_aCAM _bspa _cCAM |
||
| 100 | 1 |
_aSantiago y Sáenz-Diez, Julio de. _9132437 |
|
| 245 | 1 | 0 |
_aCompendio de geografía comercial / _cpor Julio de Santiago y Saenz-Diez. |
| 250 | _a2ª ed. | ||
| 260 |
_aMadrid : _b[s.n.], _c1880 ( _fEstab. tip. de M. Minuesa de los Ríos) |
||
| 300 |
_a301 p. ; _c22 cm. |
||
| 650 | 0 | 7 |
_aGeografía económica _2embne _913077 |
| 700 | 1 |
_aMinuesa de los Ríos, Manuel. _9129951 |
|
| 752 |
_aEspaña - _dMadrid |
||
| 852 |
_aES-MaACL _jC-600 _z- Enc. pasta española _z- Legado de Gustavo Sáenz Díez _z. - Dedicatoria autógrafa del autor a Gustavo Sáenz Díez |
||
| 999 |
_c164745 _d164745 |
||